| 000 | 00410nam a22001457a 4500 | ||
|---|---|---|---|
| 020 | _a9781260570434 | ||
| 082 |
_a658.404 _bLAR |
||
| 100 | _aLarson, Erik W. | ||
| 245 |
_aProject Management: _bthe managerial process / _cErik W. Larson and Clifford F. Gray |
||
| 250 | _a8th Edition. | ||
| 260 |
_aNew York : _bMcGraw-Hill, _c2021. |
||
| 300 |
_a682 p. ; _c25 cm. |
||
| 563 | _aPBK. | ||
| 942 |
_2ddc _cBK |
||
| 999 |
_c594260 _d594260 |
||